| 000 -LEADER |
| fixed length control field |
01102nam a2200241Ia 4500 |
| 001 - CONTROL NUMBER |
| control field |
19512 |
| 003 - CONTROL NUMBER IDENTIFIER |
| control field |
GE_BSU |
| 008 - FIXED-LENGTH DATA ELEMENTS--GENERAL INFORMATION |
| fixed length control field |
181216s||||||||xx |||||||||||||| ||und|| |
| 040 ## - CATALOGING SOURCE |
| Transcribing agency |
GE_BSU |
| 080 ## - UNIVERSAL DECIMAL CLASSIFICATION NUMBER |
| Universal Decimal Classification number |
811.353.1'01'342 |
| 100 ## - MAIN ENTRY--PERSONAL NAME |
| Personal name |
ძიძიშვილი, მერი. |
| 245 ## - TITLE STATEMENT |
| Title |
ფონეტიკური პროცესები ძველ ქართულში = Фонетические процессы в древнегрузинском языке |
| 245 ## - TITLE STATEMENT |
| Statement of responsibility, etc. |
რედაქტორი: ვ.თოფურია; |
| 260 ## - PUBLICATION, DISTRIBUTION, ETC. |
| Place of publication, distribution, etc. |
თბილისი |
| 260 ## - PUBLICATION, DISTRIBUTION, ETC. |
| Name of publisher, distributor, etc. |
საქართველოს სსრ მეცნიერებათა აკადემია |
| 260 ## - PUBLICATION, DISTRIBUTION, ETC. |
| Date of publication, distribution, etc. |
1960. |
| 300 ## - PHYSICAL DESCRIPTION |
| Extent |
163 გვ;22სმ. |
| 300 ## - PHYSICAL DESCRIPTION |
| Other physical details |
დამატ. თავფურც. რუს. ენ. - რეზუმე რუს. ენ. - ბიბლიოგრ: გვ.156-160. |
| 653 ## - INDEX TERM--UNCONTROLLED |
| Uncontrolled term |
ქართული ენა |
| 653 ## - INDEX TERM--UNCONTROLLED |
| Uncontrolled term |
ძველი ქართული ენის ფონეტიკა. |
| 942 ## - ADDED ENTRY ELEMENTS (KOHA) |
| Koha item type |
წიგნი |